Knowledge and technology management in virtual organizations:Issues, trends, opportunities and solutions (Record no. 2211)

MARC details
000 -LEADER
fixed length control field 00486nam a2200157Ia 4500
008 - FIXED-LENGTH DATA ELEMENTS--GENERAL INFORMATION
fixed length control field 130318s9999 xx 000 0 und d
020 ## - INTERNATIONAL STANDARD BOOK NUMBER
International Standard Book Number 1599041669
082 ## - DEWEY DECIMAL CLASSIFICATION NUMBER
Classification number 658.4038 PUT/K
100 ## - MAIN ENTRY--PERSONAL NAME
Personal name Putnik, Goran D
245 ## - TITLE STATEMENT
Title Knowledge and technology management in virtual organizations:Issues, trends, opportunities and solutions
260 ## - PUBLICATION, DISTRIBUTION, ETC.
Name of publisher, distributor, etc. Idea Group
Place of publication, distribution, etc. UK
Date of publication, distribution, etc. 2007
300 ## - PHYSICAL DESCRIPTION
Extent 368
650 ## - SUBJECT ADDED ENTRY--TOPICAL TERM
Topical term or geographic name entry element KNOWLEDGE MANAGEMENT
650 ## - SUBJECT ADDED ENTRY--TOPICAL TERM
Topical term or geographic name entry element TECHNOLOGY MANAGEMENT
700 ## - ADDED ENTRY--PERSONAL NAME
Personal name Cunha, Maria Manuela
Holdings
Withdrawn status Lost status Damaged status Not for loan Collection code Home library Current library Shelving location Date acquired Cost, normal purchase price Total Checkouts Full call number Barcode Date last seen Price effective from Koha item type
        Knowledge Management/ Management Information System Kerala University of Digital Sciences, Innovation and Technology Knowledge Centre Kerala University of Digital Sciences, Innovation and Technology Knowledge Centre Management 18/03/2013 3447.00   658.4038 PUT/K 2228 18/03/2013 18/03/2013 Books